00768nam a2200229 i 450000100060000000300090000600500170001500700030003200800410003502000170007608000080009310000260010124501270012726000410025430000360029549000350033150400420036665000330040870000290044183000350047085200330050569117ES-MaACL20250729053850.0t|040913s2002 gw ||||1| eng d a3-540-4271-5 a5321 aNekorkin, Vladimir I.10aSynergetic phenomena in active lattices b: patternes, waves, solitons, chaos / cVladimir I. Nekorkin, Manuel G. Velarde. aBerlin [etc.] : bSpringer, c[2002] aXVII, 357 p. : bil. ; c25 cm.1 aSpringer series in synergetics aIncluye referencias bibliográficas.17aDinámica de fluidos2embne1 aGarcía Velarde, Manuel0 aSpringer series in synergetics aES-MaACLjL-28051 bR.133861